[Event "82nd Tata Steel GpA"]
[Site "Wijk aan Zee NED"]
[Date "2020.01.25"]
[Round "12.3"]
[White "Xiong, Jeffery"]
[Black "Giri, Anish"]
[Result "1/2-1/2"]
[WhiteTitle "GM"]
[BlackTitle "GM"]
[WhiteElo "2712"]
[BlackElo "2768"]
[WhiteFideId "2047640"]
[BlackFideId "24116068"]
[EventDate "2020.01.11"]

1. e4 c5 2. Nf3 Nc6 3. Nc3 e5 4. Bc4 d6 5. d3 Be7 6. Nd2 Nf6 7. Nf1 Bg4 8. f3
Be6 9. Ne3 O-O 10. O-O Rb8 11. a4 Nb4 12. Bd2 Nh5 13. Ned5 Nxd5 14. Bxd5 Bg5 15.
g3 Bxd2 16. Qxd2 Nf6 17. Bxe6 fxe6 18. f4 exf4 19. Qxf4 Qb6 20. Nb5 Rbd8 21. e5
dxe5 22. Qxe5 c4+ 23. d4 Rd5 24. Qe3 e5 25. Qe2 Rc8 26. c3 a6 27. Na3 exd4 28.
Nxc4 Qc6 29. cxd4 Qxc4 30. Qe6+ Kh8 31. Rxf6 Qxd4+ 32. Rf2 Rf8 33. Rf1 Rdf5 34.
Qe2 R5f6 35. Qc2 Kg8 36. a5 h6 37. Qb3+ R8f7 38. Qc2 Rf5 39. Kg2 Rxf2+ 40. Rxf2
Rxf2+ 41. Qxf2 Qd5+ 42. Qf3 Qd2+ 43. Kh3 Qxb2 44. Qd5+ Kh7 45. Kg4 Qb4+ 46. Kf3
Qc3+ 47. Ke4 Qe1+ 48. Kd4 Qd2+ 49. Ke5 Qg5+ 50. Kd4 Qd2+ 51. Ke5 Qb2+ 52. Qd4
Qa3 53. Qb6 Qe7+ 54. Kd5 Kg8 55. Qe6+ Kf8 56. Qc8+ Kf7 57. h4 g6 58. g4 Kg7 59.
Qe6 Qd8+ 60. Kc4 Qc7+ 61. Kd3 Qg3+ 62. Ke2 Qg2+ 63. Ke3 Qg1+ 64. Ke2 Qg2+ 65.
Ke3 Qg3+ 66. Ke2 Qf4 67. Qe7+ Qf7 68. Qe5+ Kg8 69. Qb8+ Kh7 70. Qd6 Qc4+ 71. Ke3
Qc3+ 72. Ke2 Qc8 73. Ke3 Qe8+ 74. Kd4 Qa4+ 75. Ke3 Qb3+ 76. Kd4 Qb2+ 77. Kd3
Qb1+ 78. Ke3 Qe1+ 79. Kf3 Qh1+ 80. Ke3 Qh3+ 81. Kd2 Qg2+ 82. Ke3 Qg1+ 83. Kf3
Qh1+ 84. Ke3 Qc1+ 85. Ke2 Qc2+ 86. Ke3 Qc3+ 87. Ke2 Qc8 88. Ke3 Kg7 89. Qe5+ Kf7
90. Qf4+ Ke7 91. Qb4+ Kf7 92. Qf4+ Kg8 93. Qd6 Qc3+ 94. Kf4 Qc1+ 95. Ke4 Qe1+
96. Kf3 Qh1+ 97. Ke3 Qh3+ 98. Kd2 Qg2+ 99. Ke3 Qg1+ 100. Kf3 Qf1+ 101. Ke3 Qe1+
102. Kf3 Qc3+ 103. Kf4 Qc4+ 104. Ke3 Qc1+ 105. Ke4 Qb1+ 106. Ke3 Qb3+ 107. Ke4
Qa4+ 1/2-1/2